|
|
|
|
| LEADER |
00878naa a2200205 i 4500 |
| 001 |
acta76642 |
| 005 |
20260312092522.0 |
| 008 |
221014s2011 hu o 100 hun d |
| 020 |
|
|
|a 978 963 9927 42 1
|
| 040 |
|
|
|a SZTE Egyetemi Kiadványok Repozitórium
|b hun
|
| 041 |
|
|
|a hun
|
| 245 |
0 |
0 |
|a Chopin - Schumann - Erkel
|h [elektronikus dokumentum] :
|b tanulmánykötet
|
| 260 |
|
|
|a SZTE JGYPK Művészeti Intézet Ének-zene Tanszék
|b Szeged
|c 2011
|
| 300 |
|
|
|a 151
|c 20 cm
|
| 490 |
0 |
|
|a Nemzetközi Zenei Konferencia
|v 11
|
| 650 |
|
4 |
|a Bölcsészettudományok
|
| 650 |
|
4 |
|a Művészetek (művészetek, művészettörténet, előadóművészetek, zene)
|
| 695 |
|
|
|a Fryderyk Chopin, Robert Schumann, Erkel Ferenc, Zene - Európa - 19. sz. - életmű - tanulmányok
|
| 700 |
0 |
1 |
|a Dombi Józsefné
|
| 856 |
4 |
0 |
|u http://acta.bibl.u-szeged.hu/76642/1/enek_zene_tanszek_2011.pdf
|z Dokumentum-elérés
|